10 Westernmost Capital Cities in Africa - Statistics

General Stats
  • This quiz has been taken 73 times
  • The average score is 7 of 10
Answer Stats
Longitude Capital City % Correct
17° 27' W Dakar
91%
6° 50' W Rabat
85%
23° 31' W Praia
75%
13° 14' W Freetown
74%
15° 34' W Bissau
72%
16° 35' W Banjul
69%
13° 43' W Conakry
69%
10° 48' W Monrovia
65%
15° 57' W Nouakchott
65%
8° 00' W Bamako
60%
No matching quizzes found
Score Distribution
Percent of People with Each Score
Percentile by Number Answered
Your Score History
You have not taken this quiz